A Text Book of Production Technology (Record no. 3978)
[ view plain ]
| 000 -LEADER | |
|---|---|
| fixed length control field | 00339nam a2200133Ia 4500 |
| 008 - FIXED-LENGTH DATA ELEMENTS--GENERAL INFORMATION | |
| fixed length control field | 191201s2009 xx 000 0 und d |
| 082 ## - DEWEY DECIMAL CLASSIFICATION NUMBER | |
| Classification number | 670 |
| Item number | KHT |
| 100 ## - MAIN ENTRY--PERSONAL NAME | |
| Personal name | KHANNA, O P |
| 245 #2 - TITLE STATEMENT | |
| Title | A Text Book of Production Technology |
| 260 ## - PUBLICATION, DISTRIBUTION, ETC. (IMPRINT) | |
| Place of publication, distribution, etc | N.Delhi |
| Name of publisher, distributor, etc | Dhanpat Rai Pub(P) Ltd |
| Date of publication, distribution, etc | 2009 |
| 300 ## - PHYSICAL DESCRIPTION | |
| Extent | misc. |
| 650 ## - SUBJECT ADDED ENTRY--TOPICAL TERM | |
| Topical term or geographic name as entry element | B.Tech(ME) |
| 942 ## - ADDED ENTRY ELEMENTS (KOHA) | |
| Source of classification or shelving scheme | Dewey Decimal Classification |
| Koha item type | Text Books |
| Withdrawn status | Lost status | Source of classification or shelving scheme | Damaged status | Not for loan | Collection code | Home library | Current library | Date acquired | Source of acquisition | Cost, normal purchase price | Bill Number | Total Checkouts | Full call number | Acc. no. / Barcode | Date last seen | Date last borrowed | Bill Date | Koha item type |
|---|---|---|---|---|---|---|---|---|---|---|---|---|---|---|---|---|---|---|
| Dewey Decimal Classification | B.Tech(ME) | PIET C-LIBRARY | PIET C-LIBRARY | 20/07/2009 | J B C, New Delhi | 275.00 | SI-1459 | 1 | 670 KHT | 12487 | 16/06/2023 | 09/06/2023 | 11/07/2009 | Text Books | ||||
| Dewey Decimal Classification | B.Tech(ME) | PIET C-LIBRARY | PIET C-LIBRARY | 20/07/2009 | J B C, New Delhi | 275.00 | SI-1459 | 1 | 670 KHT | 12488 | 18/11/2020 | 07/01/2020 | 11/07/2009 | Text Books | ||||
| Dewey Decimal Classification | B.Tech(ME) | PIET C-LIBRARY | PIET C-LIBRARY | 20/07/2009 | J B C, New Delhi | 275.00 | SI-1459 | 1 | 670 KHT | 12489 | 22/06/2022 | 15/06/2022 | 11/07/2009 | Text Books | ||||
| Dewey Decimal Classification | B.Tech(ME) | PIET C-LIBRARY | PIET C-LIBRARY | 20/07/2009 | J B C, New Delhi | 275.00 | SI-1459 | 1 | 670 KHT | 12490 | 11/05/2026 | 30/04/2026 | 11/07/2009 | Text Books | ||||
| Dewey Decimal Classification | B.Tech(ME) | PIET C-LIBRARY | PIET C-LIBRARY | 20/07/2009 | J B C, New Delhi | 275.00 | SI-1459 | 670 KHT | 12491 | 04/12/2019 | 11/07/2009 | Text Books | ||||||
| Dewey Decimal Classification | B.Tech(ME) | PIET C-LIBRARY | PIET C-LIBRARY | 27/07/2009 | J B C, New Delhi | 295.00 | SI-611 | 1 | 670 KHP | 13141 | 25/11/2023 | 16/11/2023 | 20/07/2009 | Text Books | ||||
| Dewey Decimal Classification | B.Tech(ME) | PIET C-LIBRARY | PIET C-LIBRARY | 27/07/2009 | J B C, New Delhi | 295.00 | SI-611 | 670 KHP | 13142 | 04/12/2019 | 20/07/2009 | Text Books | ||||||
| Dewey Decimal Classification | B.Tech(ME) | PIET C-LIBRARY | PIET C-LIBRARY | 27/07/2009 | J B C, New Delhi | 295.00 | SI-611 | 670 KHP | 13143 | 04/12/2019 | 20/07/2009 | Text Books | ||||||
| Dewey Decimal Classification | B.Tech(ME) | PIET C-LIBRARY | PIET C-LIBRARY | 27/07/2009 | J B C, New Delhi | 295.00 | SI-611 | 670 KHT | 13144 | 04/12/2019 | 20/07/2009 | Text Books | ||||||
| Dewey Decimal Classification | B.Tech(ME) | PIET C-LIBRARY | PIET C-LIBRARY | 27/07/2009 | J B C, New Delhi | 295.00 | SI-611 | 670 KHT | 13145 | 04/12/2019 | 20/07/2009 | Text Books |